00399nam a2200157Ia 45000010006000000050017000060080041000230410008000640820016000721000031000882450070001192600009001893000027001986500008002256540008002332074520260306172828.0260306t2011||||xx |||||||||||||| ||spa|| aESP a343.8bA47B aAlva Matteucci, MarioeAUT 0aTratamiento de sanciones no pecuniarias en el código tributario c2011 a31 páginas :c24 cm. aGEN aCDE